| 000 | 00716nam a2200181 4500 | ||
|---|---|---|---|
| 005 | 20240912115902.0 | ||
| 008 | 240912b |||||||| |||| 00| 0 eng d | ||
| 020 | _a978-621-406-298-0 | ||
| 082 | _aFil. 343.59907891 C131 2022 | ||
| 100 | _aCagurangan, Tranquilino R. Jr. | ||
| 245 |
_aLegal aspects in tourism and hospitality: _bthe Philippine tourism law simplified / _cTranquilino R. Cagurangan Jr. |
||
| 260 |
_aManila: _bMindshapers, _cc2022 |
||
| 300 |
_axiv, 214p.: _bill. |
||
| 504 | _aIncludes bibliographical references | ||
| 541 | _e7559 c.1, 7560 c.2, 7561 c.3 | ||
| 650 | _aTourist trade - Legal status, laws, etct. - Philippines | ||
| 650 | _aHospitality industry - Legal status, laws, etc. - Philippines | ||
| 999 |
_c2312 _d2312 |
||